Landlocked/Non-Border US States Quiz - Statistics

General Stats
  • This quiz has been taken 57 times
  • The average score is 13 of 14
Answer Stats
Answer % Correct
Arkansas
98%
Colorado
98%
Missouri
98%
Oklahoma
98%
South Dakota
98%
Tennessee
98%
Utah
98%
Kansas
94%
Nebraska
94%
Nevada
94%
Wyoming
94%
Iowa
91%
Kentucky
91%
West Virginia
91%
No matching quizzes found
Score Distribution
Percent of People with Each Score
Percentile by Number Answered
Your Score History
You have not taken this quiz